| 000 | 01107cam a2200265 4500 | ||
|---|---|---|---|
| 008 | 090401t1994 xxu||||| |||| 00| 0 eng d | ||
| 020 | _a0851256465 | ||
| 035 | _a(Sirsi) u38705 | ||
| 041 | _aeng | ||
| 050 | _a690.0285 | ||
| 110 | _aBuilding Research Establishment | ||
| 245 | _aInformation technology trends and construction industry. | ||
| 260 |
_aGarston, Watford _bBuilding Research Establishment _c1994 |
||
| 300 | _avi,49p. ; 30cm. | ||
| 350 | _a59.00 | ||
| 490 |
_aBRE Report _v269 |
||
| 490 |
_aBRE Building Renewal _v269 |
||
| 520 | _aThis report examines different areas of information technology (IT), and comments on the implications of IT development for the construction industry. The techniques described, along with all the other aspects of emerging IT, are likely to have the greatest impact on tomorrow's construction industry. | ||
| 650 | _aBUILDING INDUSTRY | ||
| 650 | _aCONSTRUCTION INDUSTRY | ||
| 650 | _aMANAGEMENT-BUSINESS MANAGEMENT-INFORMATION MANAGEMENT | ||
| 690 | _aMANAGEMENT-BUSINESS MANAGEMENT-INFORMATION MANAGEMENT | ||
| 942 | _n0 | ||
| 948 | _c04/03/1997 | ||
| 999 |
_c90690 _d90690 |
||